| 000 | 00000nam 2200000za 4500 |
| 001 | 9.643370 |
| 003 | CaOODSP |
| 005 | 20221107134348 |
| 007 | cr ||||||||||| |
| 008 | 150407s1959||||xxca||||o f000 0 fre d |
| 040 | |aCaOODSP|bfre |
| 043 | |an-cn--- |
| 086 | 1 |aA43-1007/1959F-PDF|zA43-1007F |
| 100 | 1 |aAndison, Harry. |
| 245 | 10|aPulvérisateur de fabrication domestique actionné par la prise de force du tracteur |h[ressource électronique] / |cpar H. Andison. |
| 260 | |aOttawa : |bMinistère de l'agriculture du Canada : |bServices des sciences, Division de l'entomologie, |c1959. |
| 300 | |a10 p. : |bill. |
| 500 | |a« Janvier 1959 ». |
| 500 | |a« Revision de la publication n° 119 de la série de publications polycopiées de la Division de l'entomologie.»--p. 2. |
| 500 | |aPublié aussi en anglais sous le titre : A home-made sprayer for attachment to a tractor power take-off. |
| 500 | |aPublication historique numérisée par Agriculture et Agroalimentaire Canada. |
| 590 | |a14-11-Supp|b2014-05-21 |
| 691 | 07|aCultures|2gcpds |
| 691 | 07|aPesticide|2gcpds |
| 691 | 07|aTechnologie agricole|2gcpds |
| 710 | 1 |aCanada. |bMinistère de l'agriculture. |
| 710 | 1 |aCanada. |bDivision de l'entomologie. |
| 775 | 08|tA home-made sprayer for attachment to a tractor power take-off / |w(CaOODSP)9.699380 |
| 856 | 40|ahttp://publications.gc.ca|qPDF|s738 Ko|uhttps://publications.gc.ca/collections/collection_2014/aac-aafc/agrhist/A43-1007-1959-fra.pdf |
| 986 | |aPublication 1007 |